<?xml version="1.0" encoding="UTF-8"?>
<record
    xmlns:xsi="http://www.w3.org/2001/XMLSchema-instance"
    xsi:schemaLocation="http://www.loc.gov/MARC21/slim http://www.loc.gov/standards/marcxml/schema/MARC21slim.xsd"
    xmlns="http://www.loc.gov/MARC21/slim">

  <leader>02679nam2a22003131  4500</leader>
  <controlfield tag="001">v19\rc\2021309</controlfield>
  <controlfield tag="005">20251118181432.7</controlfield>
  <datafield tag="035" ind1=" " ind2=" ">
    <subfield code="a">(NLR Aleph) 005101623</subfield>
  </datafield>
  <datafield tag="090" ind1=" " ind2=" ">
    <subfield code="a">7398800</subfield>
    <subfield code="c">7398800</subfield>
  </datafield>
  <datafield tag="100" ind1=" " ind2=" ">
    <subfield code="a">20080925d1916    u  y0rusy50      ca</subfield>
  </datafield>
  <datafield tag="101" ind1="0" ind2=" ">
    <subfield code="a">rus</subfield>
  </datafield>
  <datafield tag="102" ind1=" " ind2=" ">
    <subfield code="a">RU</subfield>
  </datafield>
  <datafield tag="105" ind1=" " ind2=" ">
    <subfield code="a">y   z   |||||</subfield>
  </datafield>
  <datafield tag="200" ind1="1" ind2=" ">
    <subfield code="a">[&#x41A;&#x440;&#x44B;&#x43C;&#x441;&#x43A;&#x430;&#x44F; &#x441;&#x430;&#x43D;&#x430;&#x442;&#x43E;&#x440;&#x43D;&#x43E;-&#x43A;&#x443;&#x440;&#x43E;&#x440;&#x442;&#x43D;&#x430;&#x44F; &#x43E;&#x440;&#x433;&#x430;&#x43D;&#x438;&#x437;&#x430;&#x446;&#x438;&#x44F; &#x417;&#x435;&#x43C;&#x441;&#x43A;&#x43E;&#x433;&#x43E; &#x438; &#x413;&#x43E;&#x440;&#x43E;&#x434;&#x441;&#x43A;&#x43E;&#x433;&#x43E; &#x441;&#x43E;&#x44E;&#x437;&#x43E;&#x432;, &#x436;&#x435;&#x43B;&#x430;&#x442;&#x435;&#x43B;&#x44C;&#x43D;&#x430;&#x44F; &#x435;&#x435; &#x43A;&#x43E;&#x43D;&#x441;&#x442;&#x440;&#x443;&#x43A;&#x446;&#x438;&#x44F; &#x438; &#x434;&#x430;&#x43B;&#x44C;&#x43D;&#x435;&#x439;&#x448;&#x435;&#x435; &#x443;&#x441;&#x43E;&#x432;&#x435;&#x440;&#x448;&#x435;&#x43D;&#x441;&#x442;&#x432;&#x43E;&#x432;&#x430;&#x43D;&#x438;&#x435;</subfield>
    <subfield code="f">[&#x421;&#x43E;&#x447;.] &#x410;.&#x41D;. &#x41C;&#x435;&#x440;&#x43A;&#x443;&#x43B;&#x43E;&#x432;&#x430;</subfield>
  </datafield>
  <datafield tag="210" ind1=" " ind2=" ">
    <subfield code="d">1916</subfield>
  </datafield>
  <datafield tag="215" ind1=" " ind2=" ">
    <subfield code="a">73 &#x441;.</subfield>
  </datafield>
  <datafield tag="423" ind1=" " ind2="0">
    <subfield code="1">1010#$arus</subfield>
    <subfield code="1">2001#$a&#x418;&#x437; &#x434;&#x435;&#x44F;&#x442;&#x435;&#x43B;&#x44C;&#x43D;&#x43E;&#x441;&#x442;&#x438; &#x42F;&#x43B;&#x442;&#x438;&#x43D;&#x441;&#x43A;&#x43E;&#x433;&#x43E; &#x443;&#x435;&#x437;&#x434;&#x43D;&#x43E;&#x433;&#x43E; &#x43A;&#x43E;&#x43C;&#x438;&#x442;&#x435;&#x442;&#x430; &#x412;&#x441;&#x435;&#x440;&#x43E;&#x441;&#x441;&#x438;&#x439;&#x441;&#x43A;&#x43E;&#x433;&#x43E; &#x437;&#x435;&#x43C;&#x441;&#x43A;&#x43E;&#x433;&#x43E; &#x441;&#x43E;&#x44E;&#x437;&#x430;</subfield>
    <subfield code="t">&#x418;&#x437; &#x434;&#x435;&#x44F;&#x442;&#x435;&#x43B;&#x44C;&#x43D;&#x43E;&#x441;&#x442;&#x438; &#x42F;&#x43B;&#x442;&#x438;&#x43D;&#x441;&#x43A;&#x43E;&#x433;&#x43E; &#x443;&#x435;&#x437;&#x434;&#x43D;&#x43E;&#x433;&#x43E; &#x43A;&#x43E;&#x43C;&#x438;&#x442;&#x435;&#x442;&#x430; &#x412;&#x441;&#x435;&#x440;&#x43E;&#x441;&#x441;&#x438;&#x439;&#x441;&#x43A;&#x43E;&#x433;&#x43E; &#x437;&#x435;&#x43C;&#x441;&#x43A;&#x43E;&#x433;&#x43E; &#x441;&#x43E;&#x44E;&#x437;&#x430;</subfield>
  </datafield>
  <datafield tag="423" ind1=" " ind2="0">
    <subfield code="1">1010#$arus</subfield>
    <subfield code="1">2001#$a&#x41E;&#x442;&#x447;&#x435;&#x442; &#x43F;&#x43E; &#x43E;&#x431;&#x441;&#x43B;&#x435;&#x434;&#x43E;&#x432;&#x430;&#x43D;&#x438;&#x44E; &#x43A;&#x443;&#x43C;&#x44B;&#x441;&#x43E;&#x43B;&#x435;&#x447;&#x435;&#x431;&#x43D;&#x44B;&#x445; &#x437;&#x430;&#x432;&#x435;&#x434;&#x435;&#x43D;&#x438;&#x439; &#x413;&#x43E;&#x440;&#x43E;&#x434;&#x441;&#x43A;&#x43E;&#x433;&#x43E; &#x438; &#x417;&#x435;&#x43C;&#x441;&#x43A;&#x43E;&#x433;&#x43E; &#x441;&#x43E;&#x44E;&#x437;&#x43E;&#x432; &#x432; 1916 &#x433;.$f[&#x421;&#x43E;&#x447;.] &#x410;.&#x41D;. &#x420;&#x443;&#x431;&#x435;&#x43B;&#x44F;]</subfield>
    <subfield code="1">700#1$a&#x420;&#x443;&#x431;&#x435;&#x43B;&#x44C;$b&#x410;.&#x41D;.</subfield>
    <subfield code="t">&#x41E;&#x442;&#x447;&#x435;&#x442; &#x43F;&#x43E; &#x43E;&#x431;&#x441;&#x43B;&#x435;&#x434;&#x43E;&#x432;&#x430;&#x43D;&#x438;&#x44E; &#x43A;&#x443;&#x43C;&#x44B;&#x441;&#x43E;&#x43B;&#x435;&#x447;&#x435;&#x431;&#x43D;&#x44B;&#x445; &#x437;&#x430;&#x432;&#x435;&#x434;&#x435;&#x43D;&#x438;&#x439; &#x413;&#x43E;&#x440;&#x43E;&#x434;&#x441;&#x43A;&#x43E;&#x433;&#x43E; &#x438; &#x417;&#x435;&#x43C;&#x441;&#x43A;&#x43E;&#x433;&#x43E; &#x441;&#x43E;&#x44E;&#x437;&#x43E;&#x432; &#x432; 1916 &#x433;.</subfield>
    <subfield code="a">&#x420;&#x443;&#x431;&#x435;&#x43B;&#x44C;, &#x410;.&#x41D;.</subfield>
  </datafield>
  <datafield tag="461" ind1=" " ind2="0">
    <subfield code="1">001v19\rc\2021306</subfield>
    <subfield code="1">2001#$a&#x41C;&#x430;&#x442;&#x435;&#x440;&#x438;&#x430;&#x43B;&#x44B; &#x43F;&#x43E; &#x43E;&#x440;&#x433;&#x430;&#x43D;&#x438;&#x437;&#x430;&#x446;&#x438;&#x438; &#x441;&#x430;&#x43D;&#x430;&#x442;&#x43E;&#x440;&#x43D;&#x43E;-&#x43A;&#x443;&#x440;&#x43E;&#x440;&#x442;&#x43D;&#x43E;&#x433;&#x43E; &#x43B;&#x435;&#x447;&#x435;&#x43D;&#x438;&#x44F; &#x431;&#x43E;&#x43B;&#x44C;&#x43D;&#x44B;&#x445; &#x438; &#x440;&#x430;&#x43D;&#x435;&#x43D;&#x44B;&#x445; &#x432;&#x43E;&#x438;&#x43D;&#x43E;&#x432;$e&#x412;&#x44B;&#x43F;. 1-$f&#x41E;&#x431;&#x44A;&#x435;&#x434;. &#x441;&#x430;&#x43D;&#x430;&#x442;&#x43E;&#x440;.-&#x43A;&#x443;&#x440;&#x43E;&#x440;&#x442;. &#x43A;&#x43E;&#x43C;&#x438;&#x441;. &#x43F;&#x440;&#x438; &#x413;&#x43B;. &#x43A;&#x43E;&#x43C;. &#x437;&#x435;&#x43C;. &#x438; &#x433;&#x43E;&#x440;. &#x441;&#x43E;&#x44E;&#x437;&#x430;$v&#x412;&#x44B;&#x43F;. 3</subfield>
    <subfield code="9">7398773</subfield>
    <subfield code="a">&#x412;&#x441;&#x435;&#x440;&#x43E;&#x441;&#x441;&#x438;&#x439;&#x441;&#x43A;&#x438;&#x439; &#x437;&#x435;&#x43C;&#x441;&#x43A;&#x438;&#x439; &#x441;&#x43E;&#x44E;&#x437;. &#x413;&#x43B;&#x430;&#x432;&#x43D;&#x44B;&#x439; &#x43A;&#x43E;&#x43C;.</subfield>
    <subfield code="c">&#x41C;&#x43E;&#x441;&#x43A;&#x432;&#x430;</subfield>
    <subfield code="d">[1916]-[1917]</subfield>
    <subfield code="f">&#x41E;&#x431;&#x44A;&#x435;&#x434;. &#x441;&#x430;&#x43D;&#x430;&#x442;&#x43E;&#x440;.-&#x43A;&#x443;&#x440;&#x43E;&#x440;&#x442;. &#x43A;&#x43E;&#x43C;&#x438;&#x441;. &#x43F;&#x440;&#x438; &#x413;&#x43B;. &#x43A;&#x43E;&#x43C;. &#x437;&#x435;&#x43C;. &#x438; &#x433;&#x43E;&#x440;. &#x441;&#x43E;&#x44E;&#x437;&#x430;</subfield>
    <subfield code="o">&#x412;&#x44B;&#x43F;. 1-</subfield>
    <subfield code="t">&#x41C;&#x430;&#x442;&#x435;&#x440;&#x438;&#x430;&#x43B;&#x44B; &#x43F;&#x43E; &#x43E;&#x440;&#x433;&#x430;&#x43D;&#x438;&#x437;&#x430;&#x446;&#x438;&#x438; &#x441;&#x430;&#x43D;&#x430;&#x442;&#x43E;&#x440;&#x43D;&#x43E;-&#x43A;&#x443;&#x440;&#x43E;&#x440;&#x442;&#x43D;&#x43E;&#x433;&#x43E; &#x43B;&#x435;&#x447;&#x435;&#x43D;&#x438;&#x44F; &#x431;&#x43E;&#x43B;&#x44C;&#x43D;&#x44B;&#x445; &#x438; &#x440;&#x430;&#x43D;&#x435;&#x43D;&#x44B;&#x445; &#x432;&#x43E;&#x438;&#x43D;&#x43E;&#x432;</subfield>
    <subfield code="v">&#x412;&#x44B;&#x43F;. 3</subfield>
  </datafield>
  <datafield tag="540" ind1="1" ind2=" ">
    <subfield code="a">&#x41A;&#x440;&#x44B;&#x43C;&#x441;&#x43A;&#x430;&#x44F; &#x441;&#x430;&#x43D;&#x430;&#x442;&#x43E;&#x440;&#x43D;&#x43E;-&#x43A;&#x443;&#x440;&#x43E;&#x440;&#x442;&#x43D;&#x430;&#x44F; &#x43E;&#x440;&#x433;&#x430;&#x43D;&#x438;&#x437;&#x430;&#x446;&#x438;&#x44F; &#x417;&#x435;&#x43C;&#x441;&#x43A;&#x43E;&#x433;&#x43E; &#x438; &#x413;&#x43E;&#x440;&#x43E;&#x434;&#x441;&#x43A;&#x43E;&#x433;&#x43E; &#x441;&#x43E;&#x44E;&#x437;&#x43E;&#x432;, &#x436;&#x435;&#x43B;&#x430;&#x442;&#x435;&#x43B;&#x44C;&#x43D;&#x430;&#x44F; &#x435;&#x435; &#x43A;&#x43E;&#x43D;&#x441;&#x442;&#x440;&#x443;&#x43A;&#x446;&#x438;&#x44F; &#x438; &#x434;&#x430;&#x43B;&#x44C;&#x43D;&#x435;&#x439;&#x448;&#x435;&#x435; &#x443;&#x441;&#x43E;&#x432;&#x435;&#x440;&#x448;&#x435;&#x43D;&#x441;&#x442;&#x432;&#x43E;&#x432;&#x430;&#x43D;&#x438;&#x435;</subfield>
  </datafield>
  <datafield tag="700" ind1=" " ind2="1">
    <subfield code="a">&#x41C;&#x435;&#x440;&#x43A;&#x443;&#x43B;&#x43E;&#x432;</subfield>
    <subfield code="b">&#x410;.&#x41D;.</subfield>
    <subfield code="f">1869-1923</subfield>
    <subfield code="g">&#x410;&#x43B;&#x435;&#x43A;&#x441;&#x430;&#x43D;&#x434;&#x440; &#x41D;&#x438;&#x43A;&#x43E;&#x43B;&#x430;&#x435;&#x432;&#x438;&#x447;</subfield>
  </datafield>
  <datafield tag="801" ind1=" " ind2="0">
    <subfield code="a">RU</subfield>
    <subfield code="b">NLR</subfield>
    <subfield code="g">psbo</subfield>
  </datafield>
  <datafield tag="801" ind1=" " ind2="0">
    <subfield code="a">RU</subfield>
    <subfield code="b">RuMoRGB</subfield>
    <subfield code="2">psbo</subfield>
  </datafield>
  <datafield tag="801" ind1=" " ind2="1">
    <subfield code="a">RU</subfield>
    <subfield code="b">ProSoft-M</subfield>
    <subfield code="2">rusmarc</subfield>
  </datafield>
  <datafield tag="852" ind1=" " ind2=" ">
    <subfield code="a">NLR</subfield>
    <subfield code="j">37.77.2.24</subfield>
  </datafield>
  <datafield tag="899" ind1=" " ind2=" ">
    <subfield code="a">RuMoRGB</subfield>
    <subfield code="j">V 156/154</subfield>
  </datafield>
  <datafield tag="899" ind1=" " ind2=" ">
    <subfield code="a">RuMoRGB</subfield>
    <subfield code="j">V 257/21</subfield>
  </datafield>
  <datafield tag="942" ind1=" " ind2=" ">
    <subfield code="c">BOOK</subfield>
  </datafield>
  <datafield tag="980" ind1=" " ind2=" ">
    <subfield code="a">NB</subfield>
  </datafield>
  <datafield tag="995" ind1=" " ind2=" ">
    <subfield code="5">2013-10-26</subfield>
    <subfield code="b">NLR02</subfield>
    <subfield code="c">NLR02</subfield>
    <subfield code="e">RFS</subfield>
    <subfield code="f">5101623-10</subfield>
    <subfield code="k">37.77.2.24</subfield>
    <subfield code="o">0</subfield>
    <subfield code="r">BOOK</subfield>
    <subfield code="s">3777224_</subfield>
  </datafield>
</record>
